Prevention of human rights violations and abuses (Record no. 443757)

000 -LEADER
fixed length control field 00467cam a22001577a 4500
008 - FIXED-LENGTH DATA ELEMENTS--GENERAL INFORMATION
fixed length control field 180718b2013 xxu||||| |||| 00| 0 eng d
020 ## - INTERNATIONAL STANDARD BOOK NUMBER
International Standard Book Number 9789382302926
082 ## - DEWEY DECIMAL CLASSIFICATION NUMBER
Classification number C41x54 Sh23p
100 ## - MAIN ENTRY--PERSONAL NAME
Personal name Sharma, Karuna
245 ## - TITLE STATEMENT
Title Prevention of human rights violations and abuses
Statement of responsibility, etc. by Karuna Sharma
260 ## - PUBLICATION, DISTRIBUTION, ETC.
Place of publication, distribution, etc. New Delhi
Name of publisher, distributor, etc. Alfa
Date of publication, distribution, etc. 2013
300 ## - PHYSICAL DESCRIPTION
Extent 321p.
650 ## - SUBJECT ADDED ENTRY--TOPICAL TERM
Topical term or geographic name entry element India -- Politics and government
650 ## - SUBJECT ADDED ENTRY--TOPICAL TERM
Topical term or geographic name entry element Human rights -- India
650 ## - SUBJECT ADDED ENTRY--TOPICAL TERM
Topical term or geographic name entry element Civil rights -- India
Holdings
Withdrawn status Lost status Damaged status Not for loan Permanent Location Current Location Date acquired Full call number Barcode Date last seen Price effective from Koha item type
        Indian Institute of Public Administration Indian Institute of Public Administration 2014-04-22 C41x54 Sh23p 85629 2018-07-21 2018-07-21 Book

Powered by Koha